[Event "Quindio Region-ch Amateur"]
[Site "Armenia"]
[Date "2020.02.19"]
[Round "6.1"]
[White "Triana Castro, Francisco Javier"]
[Black "Valencia, Cristian Johan"]
[Result "0-1"]
[WhiteElo "1668"]
[BlackElo "1947"]
[PlyCount "138"]
[EventDate "2020.02.15"]
[EventType "swiss"]
[EventRounds "7"]
[EventCountry "COL"]
[SourceTitle "EXT 2024"]
[Source "ChessBase"]
[SourceDate "2023.10.10"]
[SourceVersion "1"]
[SourceVersionDate "2023.10.10"]
[SourceQuality "1"]

1. d4 Nf6 2. Bg5 Ne4 3. Bf4 d5 4. e3 e6 5. Bd3 Nf6 6. Nf3 a6 7. Nbd2 c5 8. c3 Nc6 9. 0-0 b5 10. a3 c4 11. Bc2 Bb7 12. Bg5 Be7 13. Bxf6 Bxf6 14. e4 dxe4 15. Nxe4 Be7 16. Qe2 Qd5 17. Ng3 f5 18. Rfe1 Kf7 19. Qf1 Rac8 20. Re2 h5 21. h3 Bf6 22. Rae1 h4 23. Nh1 g5 24. Ne5+ Nxe5 25. dxe5 Be7 26. Rd1 Qc6 27. f3 Rhd8 28. Nf2 Rxd1 29. Qxd1 Rd8 30. Rd2 Rxd2 31. Qxd2 Bc5 32. Kf1 Bb6 33. Qxg5 Qd5 34. Qxh4 Qd2 35. Qf6+ Kg8 36. Qxe6+ Kh8 37. Qxb6 Qxc2 38. Qxb7 Qc1+ 39. Ke2 Qxb2+ 40. Ke3 Qc1+ 41. Ke2 Qc2+ 42. Kf1 Qc1+ 43. Nd1 Qxd1+ 44. Kf2 Qd2+ 45. Kg1 Qc1+ 46. Kh2 Qf4+ 47. Kg1 Qc1+ 48. Kh2 Qxc3 49. Qxa6 Qxe5+ 50. Kg1 Qc5+ 51. Kf1 c3 52. Qh6+ Kg8 53. Qc1 Qc4+ 54. Ke1 Kf7 55. Qc2 Kf6 56. g4 Qe6+ 57. Qe2 Qd6 58. gxf5 Qxa3 59. Qe6+ Kg5 60. Qg6+ Kf4 61. Qg4+ Ke5 62. f4+ Kd4 63. Qg7+ Kd3 64. Qg3+ Kc2 65. Qg2+ Kb1 66. Qe4+ c2 67. Kd2 Qd6+ 68. Kc3 Qc7+ 69. Kd2 Qxf4+ 0-1

[Event "Quindio Region-ch Amateur"]
[Site "Armenia"]
[Date "2020.02.16"]
[Round "3.2"]
[White "Agudelo, Carlos Hernan"]
[Black "Valencia, Cristian Johan"]
[Result "0-1"]
[WhiteElo "2008"]
[BlackElo "1947"]
[PlyCount "78"]
[EventDate "2020.02.15"]
[EventType "swiss"]
[EventRounds "7"]
[EventCountry "COL"]
[SourceTitle "EXT 2024"]
[Source "ChessBase"]
[SourceDate "2023.10.10"]
[SourceVersion "1"]
[SourceVersionDate "2023.10.10"]
[SourceQuality "1"]

1. c4 c5 2. Nc3 Nc6 3. g3 g6 4. Bg2 Bg7 5. Nf3 Nf6 6. 0-0 0-0 7. d4 cxd4 8. Nxd4 Nxd4 9. Qxd4 d6 10. Rd1 Be6 11. Qd3 Nd7 12. b3 Rb8 13. Bb2 Qa5 14. Rd2 Rfc8 15. Nd5 Bxd5 16. Bxd5 Bxb2 17. Rxb2 b5 18. cxb5 Rxb5 19. Rd1 Ne5 20. Qd4 Rb4 21. Qd2 Qb6 22. Rc2 Rxc2 23. Qxc2 Rd4 24. e3 Rxd1+ 25. Qxd1 Qc5 26. Qd2 a5 27. h3 e6 28. Bg2 d5 29. Qe2 Nc6 30. a4 Qc3 31. Qb5 Ne5 32. Bf1 Nf3+ 33. Kg2 Nd2 34. h4 h5 35. Qb8+ Kg7 36. Bb5 Nxb3 37. Be8 Nd2 38. Qa7 Qf6 39. f3 Qxf3+ 0-1

[Event "COL-ch"]
[Site "Bogota"]
[Date "2018.11.09"]
[Round "5"]
[White "Valencia, Cristian Johan"]
[Black "Cifuentes, John Jairo"]
[Result "0-1"]
[WhiteElo "1962"]
[BlackElo "2199"]
[PlyCount "82"]
[EventDate "2018.11.06"]
[EventType "swiss"]
[EventRounds "9"]
[EventCountry "COL"]
[SourceTitle "CBM 187 Extra"]
[Source "ChessBase"]
[SourceDate "2018.11.04"]
[SourceVersion "1"]
[SourceVersionDate "2018.11.04"]
[SourceQuality "1"]

1. e4 c5 2. Nf3 d6 3. d4 cxd4 4. Nxd4 Nf6 5. Nc3 a6 6. Be2 e5 7. Nb3 Be6 8. 0-0 Be7 9. Be3 0-0 10. a4 Nc6 11. f3 d5 12. exd5 Nxd5 13. Nxd5 Bxd5 14. c4 Be6 15. a5 Qc8 16. Qe1 Nb4 17. Qc3 Bf5 18. Bb6 Nc2 19. Rad1 Bb4 20. Qxe5 Re8 21. Rd8 Rxd8 22. Bxd8 Qxd8 23. Qxf5 Ne3 24. Qe4 Nxf1 25. Kxf1 Bxa5 26. Nxa5 Qxa5 27. Qxb7 Re8 28. Qd7 Qe5 29. Qd2 Qxh2 30. c5 Qh1+ 31. Kf2 Qh4+ 32. Kf1 Qe7 33. Bxa6 Qxc5 34. b3 Ra8 35. b4 Qc7 36. Bd3 g6 37. b5 Ra1+ 38. Ke2 Qe5+ 39. Kf2 Qd4+ 40. Ke2 Rg1 41. Qg5 Qb2+ 0-1

[Event "COL-ch"]
[Site "Bogota"]
[Date "2018.11.08"]
[Round "4"]
[White "Suarez Espinosa, Luis Alberto"]
[Black "Valencia, Cristian Johan"]
[Result "0-1"]
[WhiteElo "1821"]
[BlackElo "1962"]
[PlyCount "66"]
[EventDate "2018.11.06"]
[EventType "swiss"]
[EventRounds "9"]
[EventCountry "COL"]
[SourceTitle "CBM 187 Extra"]
[Source "ChessBase"]
[SourceDate "2018.11.04"]
[SourceVersion "1"]
[SourceVersionDate "2018.11.04"]
[SourceQuality "1"]

1. e4 c5 2. Nc3 Nc6 3. g3 d6 4. Bg2 g6 5. d3 Bg7 6. Be3 e5 7. Qd2 Nge7 8. f4 Nd4 9. Nf3 Rb8 10. 0-0 0-0 11. Rae1 b5 12. a3 a5 13. Nd1 b4 14. axb4 axb4 15. fxe5 dxe5 16. Nf2 Qd6 17. Nxd4 cxd4 18. Bh6 Rd8 19. Bxg7 Kxg7 20. b3 Rb6 21. Bf3 f6 22. Bg4 Rc6 23. Bxc8 Rdxc8 24. Ng4 Ng8 25. Rc1 Rc3 26. Rfe1 Qc5 27. Rf1 Rc6 28. h4 h5 29. Nh2 Rc7 30. g4 hxg4 31. Nxg4 Rxc2 32. Rxc2 Qxc2 33. Qxb4 Qxd3 0-1

[Event "COL-ch"]
[Site "Bogota"]
[Date "2018.11.06"]
[Round "1"]
[White "Valencia, Cristian Johan"]
[Black "Gomez Leon, Sebastian"]
[Result "1-0"]
[WhiteElo "1962"]
[BlackElo "1484"]
[PlyCount "51"]
[EventDate "2018.11.06"]
[EventType "swiss"]
[EventRounds "9"]
[EventCountry "COL"]
[SourceTitle "CBM 187 Extra"]
[Source "ChessBase"]
[SourceDate "2018.11.04"]
[SourceVersion "1"]
[SourceVersionDate "2018.11.04"]
[SourceQuality "1"]

1. e4 e5 2. Nf3 Nf6 3. Nxe5 d6 4. Nf3 Nxe4 5. d3 Nf6 6. b3 Bg4 7. Bb2 Nc6 8. Be2 Be7 9. 0-0 Qd7 10. c4 0-0-0 11. d4 h5 12. d5 Bxf3 13. dxc6 Bxc6 14. b4 Qf5 15. b5 Bd7 16. Qa4 Qc5 17. Rd1 a6 18. Bd4 Qg5 19. Bf3 d5 20. Nc3 dxc4 21. Bxb7+ Kb8 22. Ba7+ Kxb7 23. Qxa6+ Ka8 24. Bb6+ Kb8 25. Qa7+ Kc8 26. Qa8# 1-0

[Event "Olympiad qual Quindio 3rd"]
[Site "Armenia"]
[Date "2018.05.12"]
[Round "2.2"]
[White "Agudelo, Carlos Hernan"]
[Black "Valencia, Cristian Johan"]
[Result "1/2-1/2"]
[WhiteElo "2044"]
[BlackElo "1962"]
[PlyCount "30"]
[EventDate "2018.05.12"]
[EventType "swiss"]
[EventRounds "5"]
[EventCountry "COL"]
[SourceTitle "EXT 2024"]
[Source "ChessBase"]
[SourceDate "2023.10.10"]
[SourceVersion "1"]
[SourceVersionDate "2023.10.10"]
[SourceQuality "1"]

1. e4 e5 2. Nf3 f5 3. d3 Nc6 4. Nc3 Bb4 5. Bd2 Nf6 6. Qe2 d6 7. h3 Be6 8. 0-0-0 Qe7 9. exf5 Bxf5 10. Ne4 Bxd2+ 11. Rxd2 0-0-0 12. Nxf6 Qxf6 13. Qe3 Rhf8 14. Be2 h6 15. Bd1 Bd7 1/2-1/2

[Event "COL-ch sf"]
[Site "Medellin"]
[Date "2018.03.19"]
[Round "10"]
[White "Florez Caceres, Rafael Omar"]
[Black "Valencia, Cristian Johan"]
[Result "1/2-1/2"]
[WhiteElo "1443"]
[BlackElo "1995"]
[PlyCount "76"]
[EventDate "2018.03.14"]
[EventType "swiss"]
[EventRounds "10"]
[EventCountry "COL"]
[SourceTitle "CBM 183 Extra"]
[Source "ChessBase"]
[SourceDate "2018.04.19"]
[SourceVersion "1"]
[SourceVersionDate "2018.04.19"]
[SourceQuality "1"]

1. e4 c5 2. Nf3 d6 3. c3 Nf6 4. Bd3 Nc6 5. 0-0 e5 6. Bc2 Bg4 7. d3 Be7 8. h3 Bh5 9. Be3 Qc7 10. Nbd2 Rd8 11. c4 0-0 12. Re1 h6 13. Nf1 a6 14. g4 Bg6 15. Ng3 b5 16. b3 bxc4 17. bxc4 Rb8 18. Rb1 Rxb1 19. Qxb1 Rb8 20. Qd1 Nh7 21. h4 f6 22. h5 Be8 23. a3 Bd8 24. Nh4 Nd4 25. Ba4 Bd7 26. Bxd4 cxd4 27. Bxd7 Qxd7 28. Ngf5 Ng5 29. Re2 Ba5 30. Ra2 Rb6 31. Kg2 Bc3 32. a4 a5 33. Ng6 Qb7 34. Qc2 Ne6 35. Nge7+ Kh7 36. Nd5 Rb2 37. Rxb2 Qxb2 38. Qxb2 Bxb2 1/2-1/2

[Event "COL-ch sf"]
[Site "Medellin"]
[Date "2018.03.17"]
[Round "7"]
[White "Valencia, Cristian Johan"]
[Black "Salcedo, Jackeline"]
[Result "1-0"]
[WhiteElo "1995"]
[BlackElo "2056"]
[PlyCount "61"]
[EventDate "2018.03.14"]
[EventType "swiss"]
[EventRounds "10"]
[EventCountry "COL"]
[SourceTitle "CBM 183 Extra"]
[Source "ChessBase"]
[SourceDate "2018.04.19"]
[SourceVersion "1"]
[SourceVersionDate "2018.04.19"]
[SourceQuality "1"]

1. e4 e6 2. Qe2 b6 3. g3 Bb7 4. Bg2 Nc6 5. c3 e5 6. Nf3 g6 7. d4 exd4 8. Nxd4 Bg7 9. Be3 Nge7 10. 0-0 0-0 11. Rd1 a5 12. Qc2 d6 13. Nd2 Ne5 14. h3 N7c6 15. f4 Nd7 16. Nf1 a4 17. Rac1 Nc5 18. Bf2 Re8 19. e5 d5 20. Nxc6 Bxc6 21. c4 Na6 22. cxd5 Bb7 23. Qxa4 Nc5 24. Qc2 Rxa2 25. Bxc5 bxc5 26. Qxc5 Qa8 27. Qxc7 Rc8 28. Qd7 Rxc1 29. Rxc1 Qa7+ 30. Kh1 Bf8 31. Rc7 1-0

[Event "Quindio-ch Amateur"]
[Site "Bolivar"]
[Date "2018.01.21"]
[Round "3.1"]
[White "Valencia, Cristian Johan"]
[Black "Velasquez, Andres Felipe"]
[Result "1-0"]
[WhiteElo "1995"]
[BlackElo "1846"]
[PlyCount "69"]
[EventDate "2018.01.20"]
[EventType "swiss"]
[EventRounds "5"]
[EventCountry "COL"]
[SourceTitle "EXT 2024"]
[Source "ChessBase"]
[SourceDate "2023.10.10"]
[SourceVersion "1"]
[SourceVersionDate "2023.10.10"]
[SourceQuality "1"]

1. e4 c5 2. Nc3 g6 3. f4 Bg7 4. Nf3 Nc6 5. Bb5 a6 6. Bxc6 dxc6 7. 0-0 Nf6 8. d3 0-0 9. Qe1 Bg4 10. Qh4 Bxf3 11. Rxf3 Qd7 12. f5 c4 13. Bg5 h5 14. Re1 cxd3 15. Rxd3 Qc7 16. e5 Ng4 17. f6 exf6 18. exf6 Rfe8 19. Rxe8+ Rxe8 20. fxg7 Qb6+ 21. Kf1 Qxb2 22. Qg3 Qxc2 23. h3 Ne5 24. Rd2 Qf5+ 25. Rf2 Qe6 26. Kg1 b5 27. Ne4 Nd7 28. Nf6+ Nxf6 29. Bxf6 c5 30. Qf4 Kh7 31. g4 Qd5 32. Bc3 b4 33. Bd2 Kxg7 34. Qf6+ Kh7 35. gxh5 1-0

[Event "Bolivar Region Selectivo Amateur"]
[Site "Bolivar"]
[Date "2017.01.20"]
[Round "1.5"]
[White "Garcia Sanchez, Jose Anibal"]
[Black "Valencia, Cristian Johan"]
[Result "0-1"]
[WhiteElo "1600"]
[BlackElo "1949"]
[PlyCount "78"]
[EventDate "2017.01.20"]
[EventType "swiss"]
[EventRounds "5"]
[EventCountry "COL"]
[SourceTitle "EXT 2024"]
[Source "ChessBase"]
[SourceDate "2023.10.10"]
[SourceVersion "1"]
[SourceVersionDate "2023.10.10"]
[SourceQuality "1"]

1. e4 c5 2. Nf3 d6 3. a3 Nf6 4. Nc3 Nc6 5. d3 e5 6. Bg5 Be7 7. h3 Be6 8. Be2 d5 9. Bxf6 Bxf6 10. exd5 Bxd5 11. Ne4 Be7 12. c4 Be6 13. Qa4 f5 14. Nc3 0-0 15. Rd1 Rf7 16. 0-0 Kh8 17. Qb3 b6 18. Nd5 Bf6 19. Nh2 Nd4 20. Qa2 Nxe2+ 21. Kh1 Bxd5 22. cxd5 Rd7 23. b4 Nc3 24. Qb3 Nxd1 25. Rxd1 Rxd5 26. bxc5 Rxc5 27. Nf1 Qd5 28. Qb1 Bg5 29. Ng3 g6 30. Ne2 Rac8 31. Qa1 h5 32. f4 Bf6 33. Ng1 Kg7 34. Qb1 Rc2 35. Nf3 e4 36. Ng5 Bxg5 37. fxg5 exd3 38. Qa1+ Kh7 39. Qf6 Qxg2# 0-1

[Event "Quindio-ch"]
[Site "Quindio"]
[Date "2016.09.16"]
[Round "5.1"]
[White "Valencia, Cristian Johan"]
[Black "Agudelo, Carlos Hernan"]
[Result "0-1"]
[WhiteElo "1928"]
[BlackElo "2085"]
[PlyCount "76"]
[EventDate "2016.09.16"]
[EventType "swiss"]
[EventRounds "5"]
[EventCountry "COL"]
[SourceTitle "EXT 2024"]
[Source "ChessBase"]
[SourceDate "2023.10.10"]
[SourceVersion "1"]
[SourceVersionDate "2023.10.10"]
[SourceQuality "1"]

1. e4 Nc6 2. d4 e5 3. d5 Nce7 4. f4 exf4 5. Bxf4 Ng6 6. Bg3 d6 7. Nf3 Nf6 8. Nc3 Be7 9. Qd2 0-0 10. Bc4 Ng4 11. Bb3 N4e5 12. 0-0-0 Bg4 13. Rdf1 Bf6 14. h3 Bd7 15. Kb1 b5 16. Nd4 a5 17. a3 b4 18. axb4 axb4 19. Na2 Qb8 20. Qxb4 Qa7 21. Bf2 Qa6 22. g4 Rfb8 23. Qc3 Ba4 24. Nb4 Rxb4 25. Qxb4 Bxb3 26. Nxb3 Qa2+ 27. Kc1 Nd3+ 28. cxd3 Qxb2+ 29. Kd1 Ra1+ 30. Nxa1 Qxb4 31. Ke2 Qb2+ 32. Kf3 Ne5+ 33. Kg3 Qe2 34. d4 Nf3 35. Nc2 Bh4+ 36. Kg2 Nd2 37. Ne1 Nxe4 38. Nf3 Bxf2 0-1

[Event "COL-ch U2000"]
[Site "Medellin"]
[Date "2016.??.??"]
[Round "8.1"]
[White "Orozco Arango, Jaidiber"]
[Black "Valencia, Cristian Johan"]
[Result "0-1"]
[WhiteElo "1851"]
[BlackElo "1928"]
[PlyCount "76"]
[EventDate "2016.02.29"]
[EventType "swiss"]
[EventRounds "9"]
[EventCountry "COL"]
[SourceTitle "EXT 2024"]
[Source "ChessBase"]
[SourceDate "2023.10.10"]
[SourceVersion "1"]
[SourceVersionDate "2023.10.10"]
[SourceQuality "1"]

1. e4 c5 2. Nf3 d6 3. d4 cxd4 4. Nxd4 Nf6 5. Nc3 a6 6. Bg5 e6 7. f4 Qb6 8. Qd2 Qxb2 9. Rb1 Qa3 10. Bxf6 gxf6 11. Be2 Nc6 12. Nxc6 bxc6 13. Rb3 Qa5 14. Qd4 Be7 15. 0-0 d5 16. Kh1 c5 17. Qe3 d4 18. Qf3 dxc3 19. e5 Ra7 20. f5 Qc7 21. exf6 Bd6 22. Bc4 Bb7 23. Qg4 e5 24. Rd1 Kd8 25. Rxc3 e4 26. Bxf7 Kc8 27. Bg8 Bc6 28. f7 Bf8 29. f6+ Kb8 30. Qe6 Ra8 31. Rb1+ Ka7 32. Rcb3 Rd8 33. R3b2 h5 34. h3 Rh6 35. c4 Qd6 36. Qf5 Rxf6 37. Qg5 e3 38. Rb6 Qd1+ 0-1

[Event "COL-ch U2000"]
[Site "Medellin"]
[Date "2016.??.??"]
[Round "9.2"]
[White "Valencia, Cristian Johan"]
[Black "Barraza, Luis Alberto"]
[Result "1-0"]
[WhiteElo "1928"]
[BlackElo "1872"]
[PlyCount "59"]
[EventDate "2016.02.29"]
[EventType "swiss"]
[EventRounds "9"]
[EventCountry "COL"]
[SourceTitle "EXT 2024"]
[Source "ChessBase"]
[SourceDate "2023.10.10"]
[SourceVersion "1"]
[SourceVersionDate "2023.10.10"]
[SourceQuality "1"]

1. e4 c5 2. Nf3 d6 3. d4 cxd4 4. Nxd4 Nf6 5. Nc3 a6 6. Bc4 e6 7. Bb3 Be7 8. g4 Qc7 9. g5 Nfd7 10. Bxe6 fxe6 11. Nxe6 Qc4 12. Nxg7+ Kf7 13. Nf5 Ne5 14. Qh5+ Ng6 15. f4 Be6 16. Nh6+ Kg7 17. Be3 Nc6 18. f5 Nb4 19. 0-0-0 Nc6 20. fxe6 b5 21. Nf5+ Kf8 22. Rhf1 Ke8 23. Nxe7 Ncxe7 24. Nd5 Nxd5 25. exd5 Qxa2 26. Bd4 Rc8 27. Bxh8 Qa4 28. Rf2 Qa1+ 29. Kd2 Qa5+ 30. Ke3 1-0

[Event "COL-ch U2000"]
[Site "Medellin"]
[Date "2016.??.??"]
[Round "4.1"]
[White "Valencia, Cristian Johan"]
[Black "Gomez, Jhon D"]
[Result "1/2-1/2"]
[WhiteElo "1928"]
[BlackElo "1994"]
[PlyCount "50"]
[EventDate "2016.02.29"]
[EventType "swiss"]
[EventRounds "9"]
[EventCountry "COL"]
[SourceTitle "EXT 2024"]
[Source "ChessBase"]
[SourceDate "2023.10.10"]
[SourceVersion "1"]
[SourceVersionDate "2023.10.10"]
[SourceQuality "1"]

1. e4 c5 2. Nf3 d6 3. d4 cxd4 4. Nxd4 Nf6 5. Nc3 a6 6. Bc4 e6 7. Bb3 Nbd7 8. f4 Nc5 9. Qf3 Be7 10. 0-0 0-0 11. g4 Nxb3 12. axb3 d5 13. e5 Ne4 14. Nxe4 dxe4 15. Qxe4 Bc5 16. c3 Qh4 17. Qg2 Bd7 18. Qg3 Qe7 19. Be3 f6 20. h4 fxe5 21. fxe5 Rxf1+ 22. Rxf1 Bxd4 23. Bxd4 Rf8 24. Rxf8+ Qxf8 25. Qf2 Qe8 1/2-1/2

[Event "COL-ch U2000"]
[Site "Medellin"]
[Date "2016.??.??"]
[Round "3.2"]
[White "Valencia, Cristian Johan"]
[Black "Londono, Omar"]
[Result "1-0"]
[WhiteElo "1928"]
[BlackElo "1975"]
[PlyCount "101"]
[EventDate "2016.02.29"]
[EventType "swiss"]
[EventRounds "9"]
[EventCountry "COL"]
[SourceTitle "EXT 2024"]
[Source "ChessBase"]
[SourceDate "2023.10.10"]
[SourceVersion "1"]
[SourceVersionDate "2023.10.10"]
[SourceQuality "1"]

1. e4 c5 2. Nf3 Nc6 3. d4 cxd4 4. Nxd4 e5 5. Nb5 d6 6. c4 h6 7. N1c3 a6 8. Na3 Nf6 9. Nc2 Be6 10. Be2 Be7 11. 0-0 0-0 12. b3 Re8 13. Be3 Bf8 14. Qd2 Qa5 15. Rfd1 Rab8 16. f3 b5 17. Nd5 Qd8 18. Rac1 Nd7 19. Ncb4 Nxb4 20. Nxb4 Qa5 21. Nc6 Qxd2 22. Rxd2 Rb7 23. Na5 Rc7 24. Ra1 Rb8 25. cxb5 axb5 26. b4 Nf6 27. Rad1 Rc3 28. Rd3 Rc2 29. R3d2 Rxa2 30. Rxa2 Bxa2 31. Nc6 Rb7 32. Na5 Rb8 33. Nc6 Rc8 34. Bxb5 d5 35. exd5 Nxd5 36. Bd2 Nc7 37. Be2 f6 38. Rc1 Be6 39. Na7 Rd8 40. Be1 Nd5 41. Nc6 Rd7 42. b5 Rb7 43. Nd8 Nf4 44. Bf1 Rd7 45. Nxe6 Nxe6 46. Rc8 Rd8 47. Bc4 Rd6 48. Bb4 Rd1+ 49. Kf2 Kh7 50. Bxf8 Rb1 51. Bd3+ 1-0

[Event "South America-ch U20 11th"]
[Site "Barrancabermeja"]
[Date "2015.04.23"]
[Round "2"]
[White "Valencia, Cristian Johan"]
[Black "Navarro, Luis Eduardo"]
[Result "1-0"]
[WhiteElo "1934"]
[BlackElo "1655"]
[PlyCount "61"]
[EventDate "2015.04.22"]
[EventType "swiss"]
[EventRounds "9"]
[EventCountry "COL"]
[SourceTitle "CBM 166 Extra"]
[Source "ChessBase"]
[SourceDate "2015.06.18"]
[SourceVersion "1"]
[SourceVersionDate "2015.06.18"]
[SourceQuality "1"]

1. e4 c5 2. Nf3 d6 3. d4 cxd4 4. Nxd4 e6 5. Nc3 a6 6. Be2 Nf6 7. 0-0 h6 8. Kh1 Be7 9. Be3 Qc7 10. f4 0-0 11. Bf3 Bd7 12. Qe1 Nc6 13. Qg3 Kh8 14. a4 Na5 15. e5 Nh7 16. Rad1 Nc4 17. Bc1 d5 18. b3 Na5 19. Bb2 Rac8 20. Nf5 exf5 21. Nxd5 Qxc2 22. Rf2 Qxb3 23. e6 Bf6 24. exd7 Rcd8 25. Nxf6 Nxf6 26. Bxf6 gxf6 27. Qh3 Qxa4 28. Qxh6+ Kg8 29. Be2 Rxd7 30. Rxd7 Qxd7 31. Rf3 1-0

[Event "South America-ch U20 11th"]
[Site "Barrancabermeja"]
[Date "2015.04.22"]
[Round "1"]
[White "Hernandez, Cristian Andres"]
[Black "Valencia, Cristian Johan"]
[Result "1-0"]
[WhiteElo "2240"]
[BlackElo "1934"]
[PlyCount "47"]
[EventDate "2015.04.22"]
[EventType "swiss"]
[EventRounds "9"]
[EventCountry "COL"]
[SourceTitle "CBM 166 Extra"]
[Source "ChessBase"]
[SourceDate "2015.06.18"]
[SourceVersion "1"]
[SourceVersionDate "2015.06.18"]
[SourceQuality "1"]

1. e4 c5 2. Nf3 d6 3. d4 cxd4 4. Nxd4 Nf6 5. Nc3 a6 6. Bg5 e6 7. f4 Be7 8. Qf3 h6 9. Bh4 g5 10. fxg5 Nfd7 11. Nxe6 fxe6 12. Bb5 Qa5 13. Qh5+ Kd8 14. g6 axb5 15. Bxe7+ Kxe7 16. Qh4+ Ke8 17. g7 Rg8 18. Qxh6 Kd8 19. Qh8 Nf6 20. e5 dxe5 21. 0-0 Qb6+ 22. Kh1 Qc7 23. Rad1+ Ke8 24. Ne4 1-0

[Event "Mosquera op"]
[Site "Mosquera"]
[Date "2014.11.03"]
[Round "9"]
[White "Valencia, Cristian Johan"]
[Black "Univio Sanchez, German"]
[Result "1/2-1/2"]
[WhiteElo "1908"]
[BlackElo "2054"]
[PlyCount "20"]
[EventDate "2014.10.30"]
[EventType "swiss"]
[EventRounds "9"]
[EventCountry "COL"]
[SourceTitle "EXT 2015"]
[Source "ChessBase"]
[SourceDate "2014.11.20"]
[SourceVersion "1"]
[SourceVersionDate "2014.11.20"]
[SourceQuality "1"]

1. e4 c5 2. Nf3 d6 3. d4 cxd4 4. Nxd4 Nf6 5. Nc3 a6 6. Be2 Nc6 7. 0-0 e6 8. Be3 Be7 9. h3 0-0 10. Qd2 Bd7 1/2-1/2

[Event "Mosquera op"]
[Site "Mosquera"]
[Date "2014.10.31"]
[Round "2"]
[White "Tirado, Juan Camilo"]
[Black "Valencia, Cristian Johan"]
[Result "1/2-1/2"]
[WhiteElo "2043"]
[BlackElo "1908"]
[PlyCount "62"]
[EventDate "2014.10.30"]
[EventType "swiss"]
[EventRounds "9"]
[EventCountry "COL"]
[SourceTitle "EXT 2015"]
[Source "ChessBase"]
[SourceDate "2014.11.20"]
[SourceVersion "1"]
[SourceVersionDate "2014.11.20"]
[SourceQuality "1"]

1. e4 c6 2. d4 d5 3. e5 Bf5 4. Bd3 Bxd3 5. Qxd3 Qa5+ 6. c3 Qa6 7. Qf3 e6 8. Ne2 Ne7 9. 0-0 h5 10. Bg5 g6 11. Bf6 Rh7 12. b4 Nd7 13. Bg5 Bh6 14. Bxh6 Rxh6 15. Nd2 g5 16. Rfe1 h4 17. h3 Rg6 18. Nf1 Nf5 19. Nh2 Ke7 20. Ng4 Rf8 21. Kh2 Nh6 22. Ng1 Qc4 23. a4 Nxg4+ 24. hxg4 f5 25. gxf5 Rxf5 26. Qe3 g4 27. Ne2 Rxf2 28. Nf4 g3+ 29. Kh1 Rg8 30. Nh3 Rf5 31. Qh6 Rg4 1/2-1/2

[Event "Mosquera op"]
[Site "Mosquera"]
[Date "2014.10.30"]
[Round "1"]
[White "Valencia, Cristian Johan"]
[Black "Lotero, Faiber"]
[Result "0-1"]
[WhiteElo "1908"]
[BlackElo "2172"]
[PlyCount "50"]
[EventDate "2014.10.30"]
[EventType "swiss"]
[EventRounds "9"]
[EventCountry "COL"]
[SourceTitle "EXT 2015"]
[Source "ChessBase"]
[SourceDate "2014.11.20"]
[SourceVersion "1"]
[SourceVersionDate "2014.11.20"]
[SourceQuality "1"]

1. e4 d5 2. exd5 Qxd5 3. Nc3 Qa5 4. Bc4 Nf6 5. Nge2 Bg4 6. f3 Bf5 7. d4 Nc6 8. Be3 0-0-0 9. a3 Ne5 10. b4 Qb6 11. Bd3 Nxd3+ 12. cxd3 e5 13. Na4 Qa6 14. Nb2 Nd5 15. Bf2 exd4 16. Nxd4 Re8+ 17. Kf1 Bg6 18. Nc4 Nxb4 19. axb4 Bxd3+ 20. Kg1 Qxc4 21. Rc1 Be2 22. Nxe2 Qxe2 23. Qd4 Rd8 24. Qg4+ Kb8 25. g3 h5 0-1

[Event "COL-ch U20"]
[Site "Bogota"]
[Date "2014.03.14"]
[Round "3"]
[White "Valencia, Cristian Johan"]
[Black "Blandon, Luis Guillermo"]
[Result "0-1"]
[WhiteElo "1935"]
[BlackElo "2167"]
[PlyCount "48"]
[EventDate "2014.03.13"]
[EventType "swiss"]
[EventRounds "7"]
[EventCountry "COL"]
[SourceTitle "CBM 159 Extra"]
[Source "ChessBase"]
[SourceDate "2014.04.24"]
[SourceVersion "1"]
[SourceVersionDate "2014.04.24"]
[SourceQuality "1"]

1. e4 c5 2. Nf3 d6 3. d4 cxd4 4. Nxd4 Nf6 5. Nc3 g6 6. Bc4 Bg7 7. Be3 Nc6 8. f3 0-0 9. Qd2 Bd7 10. 0-0-0 Rc8 11. Bb3 Ne5 12. h4 h5 13. g4 hxg4 14. h5 Nxh5 15. Bh6 e6 16. Bxg7 Kxg7 17. fxg4 Nxg4 18. Rdg1 Nhf6 19. Qg5 Rc5 20. e5 Rxe5 21. Qf4 Rh8 22. Rxh8 Qxh8 23. Rxg4 Nxg4 24. Qxg4 Qh1+ 0-1

[Event "COL-ch U20"]
[Site "Bogota"]
[Date "2014.03.13"]
[Round "2"]
[White "Ruiz Castillo, Joshua Daniel"]
[Black "Valencia, Cristian Johan"]
[Result "1-0"]
[WhiteElo "2365"]
[BlackElo "1935"]
[PlyCount "51"]
[EventDate "2014.03.13"]
[EventType "swiss"]
[EventRounds "7"]
[EventCountry "COL"]
[SourceTitle "CBM 159 Extra"]
[Source "ChessBase"]
[SourceDate "2014.04.24"]
[SourceVersion "1"]
[SourceVersionDate "2014.04.24"]
[SourceQuality "1"]

1. e4 c5 2. Nf3 d6 3. d4 cxd4 4. Nxd4 Nf6 5. Nc3 a6 6. Bg5 e6 7. f4 h6 8. Bh4 Qb6 9. Qd3 Qxb2 10. Rb1 Qa3 11. f5 Nc6 12. fxe6 fxe6 13. Nxc6 bxc6 14. e5 dxe5 15. Bxf6 gxf6 16. Qg6+ Kd7 17. Rb3 Qc1+ 18. Nd1 Qg5 19. Qf7+ Kd6 20. Rd3+ Kc5 21. Qc7 Qh4+ 22. g3 Qe4+ 23. Kf2 Qb4 24. a3 Qa4 25. Rc3+ Kd4 26. Qd8+ 1-0

[Event "COL-ch U20"]
[Site "Bogota"]
[Date "2014.03.13"]
[Round "1"]
[White "Valencia, Cristian Johan"]
[Black "Benavides, Miguel"]
[Result "1-0"]
[WhiteElo "1935"]
[BlackElo "1810"]
[PlyCount "89"]
[EventDate "2014.03.13"]
[EventType "swiss"]
[EventRounds "7"]
[EventCountry "COL"]
[SourceTitle "CBM 159 Extra"]
[Source "ChessBase"]
[SourceDate "2014.04.24"]
[SourceVersion "1"]
[SourceVersionDate "2014.04.24"]
[SourceQuality "1"]

1. e4 e6 2. d4 d5 3. Nc3 Nf6 4. Bg5 Be7 5. e5 Nfd7 6. Bxe7 Qxe7 7. f4 c5 8. Nb5 Nb6 9. Nd6+ Kd8 10. dxc5 N6d7 11. Qd4 Nc6 12. Qf2 f6 13. exf6 gxf6 14. Bb5 a6 15. Bxc6 bxc6 16. 0-0-0 a5 17. Nf3 Kc7 18. g3 Nxc5 19. Qxc5 Qxd6 20. Qc3 Rf8 21. Nd4 Ba6 22. f5 exf5 23. Rhe1 Rfe8 24. Qxa5+ Kb7 25. Nb3 Rxe1 26. Nc5+ Qxc5 27. Qxc5 Rxd1+ 28. Kxd1 Re8 29. Qb4+ Kc7 30. Qf4+ Re5 31. Qh6 Be2+ 32. Kd2 Bg4 33. Qxh7+ Kd6 34. Qh8 Re2+ 35. Kd3 Re6 36. Qf8+ Kd7 37. a4 Rd6 38. Qf7+ Kd8 39. h4 c5 40. h5 f4 41. gxf4 Bf5+ 42. Kd2 Be4 43. h6 Rd7 44. Qxf6+ Kc7 45. f5 1-0